101 Ways to make every second count : (Record no. 126980)

MARC details
000 -LEADER
fixed length control field 00764nam a22002417a 4500
005 - DATE AND TIME OF LATEST TRANSACTION
control field 20170124110018.0
010 ## - LIBRARY OF CONGRESS CONTROL NUMBER
LC control number B-063092
020 ## - INTERNATIONAL STANDARD BOOK NUMBER
Terms of availability 00.00
International Standard Book Number 8172249292
035 ## - SYSTEM CONTROL NUMBER
System control number B-063092
037 ## - SOURCE OF ACQUISITION
Source of stock number/acquisition Cen Lib/Ret
040 ## - CATALOGING SOURCE
Original cataloging agency DPL
Language of cataloging EN
082 ## - DEWEY DECIMAL CLASSIFICATION NUMBER
Classification number 658.4093
Item number BLY
100 ## - MAIN ENTRY--PERSONAL NAME
Personal name Bly, Robert W.
9 (RLIN) 19041
245 ## - TITLE STATEMENT
Title 101 Ways to make every second count :
Statement of responsibility, etc by Robert W.Bly
Remainder of title time management tips and techniques for more success with less stress /
260 ## - PUBLICATION, DISTRIBUTION, ETC. (IMPRINT)
Place of publication, distribution, etc Mumbai
Name of publisher, distributor, etc Jaico publishing house
Date of publication, distribution, etc 2001
270 ## - ADDRESS
Address 121,Mahatma Gandhi Road
City Mumbai
Postal code 400001
300 ## - PHYSICAL DESCRIPTION
Extent 191p.
Dimensions 20cm(Hb)
500 ## - GENERAL NOTE
General note Includes index
650 ## - SUBJECT ADDED ENTRY--TOPICAL TERM
Topical term or geographic name as entry element Management
9 (RLIN) 3072
650 ## - SUBJECT ADDED ENTRY--TOPICAL TERM
Topical term or geographic name as entry element Time management
9 (RLIN) 16925
700 ## - ADDED ENTRY--PERSONAL NAME
9 (RLIN) 18983
942 ## - ADDED ENTRY ELEMENTS (KOHA)
Source of classification or shelving scheme Dewey Decimal Classification
Koha item type English Books
Classification part 658.4093
Call number suffix BLY
Holdings
Withdrawn status Lost status Damaged status Not for loan Home library Current library Date acquired Source of acquisition Cost, normal purchase price Total Checkouts Full call number Barcode Date last seen Copy number Cost, replacement price Price effective from Koha item type Source of classification or shelving scheme Collection code
        Central Library Central Library 27/06/2015 Cen Lib/Ret 0.00   658.4093 BLY B-063092 27/06/2015 1 0.00 27/06/2015 English Books    
        Yojana Vihar Yojana Vihar 13/07/2019 BPPD/PUB 90.00   658.4093 BLY B-63097 13/07/2019   90.00 13/07/2019 English Books Dewey Decimal Classification Non-fiction

© Delhi Public Library
Hit Counter
free hit counter